Nouvelles considerations sur les conséquences de la paix / (Record no. 86550)
[ view plain ]
| 000 -LEADER | |
|---|---|
| campo de control de longitud fija | 00619nam a2200181 i 4500 |
| 001 - NÚMERO DE CONTROL | |
| campo de control | 86550 |
| 003 - IDENTIFICADOR DE NÚMERO DE CONTROL | |
| campo de control | ES-MaACL |
| 005 - FECHA Y HORA DE LA ÚLTIMA TRANSACCIÓN | |
| campo de control | 20230906175455.0 |
| 007 - CAMPO FIJO DE DESCRIPCIÓN FÍSICA--INFORMACIÓN GENERAL | |
| campo de control de longitud fija | t| |
| 008 - DATOS DE LONGITUD FIJA--INFORMACIÓN GENERAL | |
| campo de control de longitud fija | 041213s1922 fr ||||1| fre d |
| 100 1# - ENTRADA PRINCIPAL--NOMBRE DE PERSONA | |
| Nombre de persona | Keynes, John Maynard ( |
| Fechas asociadas al nombre | 1883-1946) |
| 9 (RLIN) | 67979 |
| 245 10 - MENCIÓN DEL TÍTULO | |
| Título | Nouvelles considerations sur les conséquences de la paix / |
| Mención de responsabilidad, etc. | par J. Maynard Keynes ; traduction Franck. |
| 260 ## - PUBLICACIÓN, DISTRIBUCIÓN, ETC. | |
| Lugar de publicación, distribución, etc. | Paris : |
| Nombre del editor, distribuidor, etc. | [s.n.], |
| Fecha de publicación, distribución, etc. | 1922 ( |
| Lugar de fabricación/manufactura | Lagny : |
| Fabricante | E. Grevin) |
| 300 ## - DESCRIPCIÓN FÍSICA | |
| Extensión | VIII, 258 p. ; |
| Dimensiones | 19 cm. |
| 630 04 - PUNTO DE ACCESO ADICIONAL DE MATERIA--TÍTULO UNIFORME | |
| Título uniforme | Tratado de Versalles ( |
| Fecha de la firma de un tratado | 1919) |
| 9 (RLIN) | 155228 |
| 650 04 - PUNTO DE ACCESO ADICIONAL DE MATERIA--TÉRMINO DE MATERIA | |
| Término de materia o nombre geográfico como elemento de entrada | Historia económica- |
| Subdivisión cronológica | 1918-1945. |
| 9 (RLIN) | 13404 |
| 852 ## - LOCALIZACIÓN | |
| Ubicación | ES-MaACL |
| Número de control de estantería | G-15301 |
| Estatus retirado | Estado de pérdida | Estado de daño | No para préstamo | Biblioteca de origen | Biblioteca actual | Ubicación en estantería | Fecha de adquisición | Fuente de adquisición | Total de préstamos | Signatura topográfica completa | Código de barras | Visto por última vez | Precio de reemplazo | Tipo de ítem Koha |
|---|---|---|---|---|---|---|---|---|---|---|---|---|---|---|
| Biblioteca del Ateneo de Madrid | Biblioteca del Ateneo de Madrid | Sala Pecera Planta 3 | 17/01/2008 | G-15301 | 1090426 | 23/02/2023 | 23/02/2023 | Libro impreso |
